Quizzes
Events
Quiz Creation
Community
Videos
Private Events
Remove Ads
Sign In
Join for FREE
Feedback
Dark Mode
Quiz Categories
Sports
Geography
Music
Movies
Television
Just For Fun
Miscellaneous
History
Literature
Language
Science
Gaming
Entertainment
Religion
Holiday
For Kids
Quiz Lab
Recent
Popular Today
Quiz Kudos Today
Editor Picks
Curator Picks
Quizzes by...
Day
Popularity
Type
Ratings
Length
Year
Community
Subscriptions
Recent Discussions
Orange Saloon
Badges
Playlists
Quests
Create
Leaderboards
Showdown
Live 5
Trivia Bingo
Activity
Puzzle Library
Sporcle Events
Private Events
Virtual Trivia
Globe League
Become a Host
Pub Owners
SporcleCon
Opinionation
Our Games
Videos
Blog
Mobile Apps
Partnerships
Remove Ads and Go Orange
Feedback
Literature
Harry Potter
A Song of Ice and Fire
The Hunger Games
Literary Character
Shakespeare
Book
Author
Novel
Poem
Young Adult
Children's Books
Play
Lord of the Rings
Literature
Harry Potter
A Song of Ice and Fire
The Hunger Games
Literary Character
Shakespeare
Book
Author
Novel
Poem
Young Adult
Children's Books
Play
Lord of the Rings
Random Quiz
Search Sporcle
×
Quiz Lab
Quiz Lab
Literature
Book
Type in answers that appear in a list
Type in answers that appear in a list
Classic
Best Score? Go Orange.
Missing Word: Popular Fiction (A-Z) Stats
Can you name the missing word in popular fiction (A-Z)?
By
recoveringdj
3m
25 Questions
129 Plays
129 Plays
129 Plays
Comments
Comments
Give Quiz Kudos
Give Quiz Kudos
-
- Ratings
hide this ad
More Info
Replay
Link that replays current quiz
Next Quiz
Link to next quiz in quiz playlist
You Got
0%
They Got
Avg Score
89%
Avg Friend Score
Upgrade to see
Score Distribution
Jump to the score distribution portion of the page
Score
0/25
Timer
03:00
0
Plays Today
Book
Answer
% Correct
The Silence of the _
_
_
_
_
Lambs
98.4%
Breakfast at _
_
_
_
_
Tiffany's
97.7%
The Count of _
_
_
_
_
Cristo
Monte
97.7%
Harry Potter and the _
_
_
_
_
of Azkaban
Prisoner
97.7%
The Catcher in the _
_
_
_
_
Rye
97.7%
One Hundred _
_
_
_
_
of Solitude
Years
97.7%
_
_
_
_
_
of Green Gables
Anne
96.1%
A Clockwork _
_
_
_
_
Orange
96.1%
_
_
_
_
_
the Heat of the Night
In
94.6%
The Grapes of _
_
_
_
_
Wrath
94.6%
The Picture of _
_
_
_
_
Gray
Dorian
93.8%
The Secret _
_
_
_
_
Garden
93.8%
All _
_
_
_
_
on the Western Front
Quiet
93.8%
Book
Answer
% Correct
One Flew Over the _
_
_
_
_
Nest
Cuckoo's
93%
East of _
_
_
_
_
Eden
93%
Tender is the _
_
_
_
_
Night
93%
To _
_
_
_
_
a Mockingbird
Kill
92.2%
Fear and Loathing in Las _
_
_
_
_
Vegas
89.1%
Death of a _
_
_
_
_
Salesman
87.6%
The Sound and the _
_
_
_
_
Fury
86.8%
Doctor _
_
_
_
_
Zhivago
86.8%
A Tree Grows in _
_
_
_
Brooklyn
75.2%
The _
_
_
_
_
Lightness of Being
Unbearable
72.1%
Infinite _
_
_
_
_
Jest
68.2%
The _
_
_
_
_
Tale
Handmaid's
58.9%
Quiz Playlist
Details
Report
Send in Message
Add To Playlist
More Info:
No popular fiction books have a title that contains a word that starts with X.
Classic:
Type in answers that appear in a list
Last Updated: Feb 16, 2017
Quiz Scoreboard
CHALLENGE
Sign Up to Join the Scoreboard
Show All
Scores
Hide
Comments
May contain spoilers
Recently Published
College Basketball Coaching Resumes
by pancakes188
Sports
9m
Billboard Blitz: Fleetwood Mac
by CooCooCachoo
Music
15s
Presidents Visiting Landmarks
by Hejman
History
7m
More to Explore
Quiz From the Vault
Featured Blog Post
Where Did the Easter Bunny Come From?
hide this ad
You Might Also Like...
Tags
Book Quiz
Book Titles
Classic Literature
fiction
fictional
Fictional Works
Today's Top Quizzes in Literature
Browse Literature
hide this ad
Today's Top Quizzes in Book
Browse Book
Top Contributed Quizzes in Literature
1
Sneaky Slytherin Logic Puzzle
2
Get The Picture: Black or White Literature
3
5-to-1: Plays
4
A Court of Thorns and Roses (ACoTaR) Logic Puzzle
5
One Thing in Common: Literature
6
One Thing in Common: Literature 3
7
One Thing in Common: Literature II
8
One Thing in Common: Books
9
Literary Siblings Odd One Out III
10
Harry Potter Neighbourly Logic Puzzle #5
Explore More
Trending Topics
Anime
Disney
Crossword
NBA
Harry Potter
Kpop
Marvel
Song
WWE
Puzzle
The Office
Pokémon
Country
Soccer
NFL
hide this ad
More By:
recoveringdj
Quiz
Plays
Rating
Category
Featured
Created
Missing Word: 'M' in Television
4,805
4.18
Just For Fun
Mar 7, 2016
Missing Word: Morgan Freeman (A-Z)
3,695
4.50
Just For Fun
Mar 8, 2016
Food Pairings
580
3.50
Just For Fun
Apr 20, 2016
Missing Word: Popular Fiction (A-Z)
129
4.83
Literature
Mar 9, 2016
Missing Word: Day Songs
58
4.50
Music
Mar 17, 2016
Go to Creator's Profile
Score Distribution
Quiz Creator Spotlight
recoveringdj
Follow
Send a Message
Quizzes Created
-
Created Quiz Play Count
-
More By This Creator
Popular Quizzes Today
1
Find the US States - No Outlines Minefield
2
Find the Countries of Europe - No Outlines Minefield
3
The Countries of the World
4
Find the US States
5
Risky Map Clicking: Biggest States A-Z
6
US States
7
Popular People in 1961
8
Movies - When Are They Set?
More Literature Quizzes
Hungry Caterpillar Foods
Published
Trending Quizzes
Risky Map Clicking: Least Populous States A-Z
1-10 Letter G Words
1-10 Letter F Words
Risky Map Clicking: Next State Alphabetically
Risky Map Clicking: Biggest States A-Z
Recently Updated
Leaping Animals
pecheneg
Reality TV Shows (A-Z)
bhenderson79
Rickey Henderson's Hall of Fame Teammates
pecheneg
Champions League XIs: Arsenal
pecheneg
Quick Pick: Celebrities in WWE's Hall of Fame
aduchscher
A-Z Keypad Blitz II
pecheneg
Multiple Oscar Actors
pecheneg
Mystery Phrase Blitz: Oscar 'Best Actors'
pecheneg
F. Scott Fitzgerald Novels
LTH
Pick 3 Villains
ddd62291
Trending Topics
Crossword
Harry Potter
NBA
Anime
Disney
Kpop
Marvel
The Office
WWE
Soccer
Song
NFL
Country
Pokémon
Puzzle
Your Account Isn't Verified!
In order to create a playlist on Sporcle, you need to verify the email address you used during registration. Go to your
Sporcle Settings
to finish the process.
Report this User
Report this user for behavior that violates our
Community Guidelines
.
Details:
Send Report
Go to the Sporcle.com Mobile Site →
Comments